000 00469nam a2200169Ia 4500
008 220531s9999 xx 000 0 und d
041 _amar
100 _aशानेदिवाने राजेखान
_967142
245 _aमुस्लिम आत्‍मचरित्रे
250 _a1
260 _aPune
_bBhoomi
_c2010
300 _a220
542 _d07-01-2012
650 _aMarathi
_967143
906 _d2011-2012
999 _c37910
_d37910